| 000 | 00506nam a22001817a 4500 | ||
|---|---|---|---|
| 005 | 20251108165226.0 | ||
| 008 | 250721s1959 xx 000 0 ara d | ||
| 082 | 1 | 4 | _a915.1/اسك |
| 100 | 1 | _aاسكلوند، كارل | |
| 245 | 1 | 0 | _aجوله إلى الصين / |
| 264 | 1 |
_aالقاهره : _bدار الفكر العربي، _c1959. |
|
| 300 | _a228ص | ||
| 650 | 1 | 7 | _aالصين |
| 650 | 1 | 7 | _aالسفر |
| 700 | 1 |
_aالإسكندري، عمر _eترجمة |
|
| 942 |
_2ddc _cBK |
||
| 999 |
_c22612 _d22612 |
||